BUBT Library Online Catalog

Advances in the Dyeing and Finishing of Technical Textiles (Record no. 5442)

000 -LEADER
fixed length control field 00561nam a22001937a 4500
003 - CONTROL NUMBER IDENTIFIER
control field BUBTL
008 - FIXED-LENGTH DATA ELEMENTS--GENERAL INFORMATION
fixed length control field 170513b xxu||||| |||| 00| 0 eng d
020 ## - INTERNATIONAL STANDARD BOOK NUMBER
International Standard Book Number 978-085709-433-9
082 ## - DEWEY DECIMAL CLASSIFICATION NUMBER
Classification number 677GUA
100 ## - MAIN ENTRY--PERSONAL NAME
9 (RLIN) 1182
Personal name Gulrajani,M.L.
245 ## - TITLE STATEMENT
Title Advances in the Dyeing and Finishing of Technical Textiles
260 ## - PUBLICATION, DISTRIBUTION, ETC. (IMPRINT)
Place of publication, distribution, etc. Oxford
Name of publisher, distributor, etc. Woodhead Publishing
Date of publication, distribution, etc. c2013
300 ## - PHYSICAL DESCRIPTION
Extent [xxi],425p.
Dimensions 21cm.
650 #0 - SUBJECT ADDED ENTRY--TOPICAL TERM
9 (RLIN) 909
Topical term or geographic name as entry element Textile Engineering
700 ## - ADDED ENTRY--PERSONAL NAME
9 (RLIN) 1183
Personal name Gulrajani,M.L.
856 ## - ELECTRONIC LOCATION AND ACCESS
Password 0
Logon 0
Link text Download
942 ## - ADDED ENTRY ELEMENTS (KOHA)
Source of classification or shelving scheme
Koha item type Books
Holdings
Withdrawn status Lost status Source of classification or shelving scheme Damaged status Not for loan Collection code Permanent location Current location Shelving location Date acquired Inventory number Total Checkouts Full call number Barcode Date last seen Copy number Price effective from Koha item type Date last checked out
        Not For Loan Non-fiction Bangladesh University of Business and Technology Library Bangladesh University of Business and Technology Library Textile Engineering Stacks 04/29/2017 24067   677GUA BUBTL-200324067 05/13/2017 C-1 05/13/2017 Books  
          Non-fiction Bangladesh University of Business and Technology Library Bangladesh University of Business and Technology Library Textile Engineering Stacks 04/29/2017 24068   677GUA BUBTL-200324068 05/13/2017 C-2 05/13/2017 Books  
        Not For Loan Non-fiction Bangladesh University of Business and Technology Library Bangladesh University of Business and Technology Library Textile Engineering Stacks 04/29/2017 24069   677GUA BUBTL-200324069 05/13/2017 C-3 05/13/2017 Books  
          Non-fiction Bangladesh University of Business and Technology Library Bangladesh University of Business and Technology Library Textile Engineering Stacks 04/29/2017 24070   677GUA BUBTL-200324070 05/13/2017 C-4 05/13/2017 Books  
          Non-fiction Bangladesh University of Business and Technology Library Bangladesh University of Business and Technology Library Textile Engineering Stacks 04/29/2017 24071 1 677GUA BUBTL-200324071 01/09/2022 C-5 05/13/2017 Books 11/16/2021

More Information About Library

Library Hours

  • Open: 9.00 am. to 9.00 pm.
  • Only Sunday: 9.00 am. to 6.00 pm.
  • Closed: Holiday

Contact to the University

Bangladesh University of Business and Technology Library

  • Mirpurl-2, 1216.
  • Phone:
  • Fax:
  • E-Mail: admin.library@bubt.edu.bd

Contact to the Library

Contact Person:

Md. Abdul Hakim Shah
Joint Librarian
PABX No:  113
Cell No: 01816332931
E-mail: official: admin.library@bubt.edu.bd
Personal: hakim.shah@bubt.edu.bd


BUBT Library

Copyright © 2021